000 00612cam a22002293a 4500
001 17673
003 PGUSA
005 20140828083357.0
008 060203s2006||||xxu|||||s|||||000 1 eng d
040 _aPGUSA
_beng
042 _adc
050 4 _aPQ
100 1 _aZaccone, Pierre,
_d1817-1895
245 1 0 _aÉric le Mendiant
_h[electronic resource] /
_cPierre Zaccone
260 _bProject Gutenberg,
_c2006
506 _aPublic domain in the USA.
516 _aElectronic text
653 _aFiction
830 0 _aProject Gutenberg
_v17673
856 4 0 _uhttp://www.gutenberg.org/ebooks/17673
942 _cEB
999 _c246928
_d246928